| 000 | 00608nam a2200205Ia 4500 | ||
|---|---|---|---|
| 003 | OSt | ||
| 005 | 20230607144824.0 | ||
| 008 | 210423s2011 xx 000 0 und d | ||
| 020 | _a9788127257064 | ||
| 040 | _cAL | ||
| 041 | _aeng | ||
| 082 | _a658.152 GUPS | ||
| 100 |
_aGUPTA (Shashi K);JOSHI (Rosy). _980601 |
||
| 245 | _aSecurity analysis and portfolio management: investment management. | ||
| 260 |
_aLudhiana _bKalyani Publishers _c2011 |
||
| 300 |
_avi,15.10 _bPB |
||
| 365 |
_b275 _cINR |
||
| 906 | _aanalysis ; investment ; management. ; management: ; portfolio ; Security | ||
| 942 |
_2ddc _cBK |
||
| 999 |
_c157682 _d157682 |
||